| 000 | 00412nam a22001697a 4500 | ||
|---|---|---|---|
| 005 | 20230117111653.0 | ||
| 008 | 220215b ||||| |||| 00| 0 eng d | ||
| 020 | _a9789331322975 | ||
| 041 | _aeng | ||
| 082 | _a954.092 | ||
| 100 |
_aSRIVASTAVA , DR KAMAL S _97145 |
||
| 245 | _aLOKMANYA TILAK | ||
| 260 |
_aNEW DELHI _bA.P.H PUBLICATION |
||
| 300 | _a86,P | ||
| 650 |
_aPHARMACY _xB.PHARMA _97083 |
||
| 942 | _cBK | ||
| 999 |
_c7961 _d7959 |
||